|
|
|
|
| LEADER |
00000nab a2200000 a 4500 |
| 001 |
vtls000081182 |
| 003 |
SK-MaSNL |
| 005 |
20260303031752.0 |
| 008 |
111103c1981 xo 0 slo |
| 015 |
|
|
|a SNBRB19rr/mm-uuuuu
|
| 035 |
|
|
|a CL0091283
|
| 040 |
|
|
|a SNKBUCL
|b slo
|c SNKBUCL
|e AACR2
|
| 041 |
0 |
|
|a slo
|
| 044 |
|
|
|a xo
|c SK
|
| 080 |
|
|
|a 796.88
|2 1981
|
| 100 |
1 |
|
|a Kravcov, Peter
|4 aut
|9 1003713
|
| 245 |
1 |
0 |
|a Absolútne rebríčky najlepších vzpieračov sveta 80 a umiestnenie československých reprezentantov
|c Peter Kravcov
|
| 650 |
0 |
7 |
|a vzpieranie
|2 snkbucl
|9 3253
|
| 650 |
0 |
7 |
|a vzpierači
|2 snkbucl
|9 150711
|
| 655 |
|
7 |
|a články z novín a časopisov
|2 snkbucl
|9 267496
|
| 773 |
0 |
|
|t Šport
|g Roč. 33, č. 23 (28. 1. 1981), s. 3
|
| 850 |
|
|
|a Slovenská národná knižnica v Martine
|a MTA001
|
| 852 |
|
|
|a SNK
|b KIS3GCP
|
| 958 |
|
|
|a RK
|
| 992 |
|
|
|a RBX
|
| 999 |
|
|
|c 1660113
|d 1662043
|